|
|
|
|
| LEADER |
01187nam a2200253 a 4500 |
| 001 |
8937935 |
| 008 |
790723r20071966ii ac b 000 0 eng d |
| 010 |
|
|
|a sa 66005906
|
| 020 |
|
|
|a 812191809X
|
| 040 |
|
|
|a DLC
|c PPiU
|d DLC
|
| 082 |
0 |
0 |
|a 539.7
|2 22
|
| 100 |
1 |
|
|a Rajam, J. B.
|
| 245 |
1 |
0 |
|a Atomic physics,
|c by J. B. Rajam. With a forewod by Louis De Broglie.
|
| 250 |
|
|
|a [7th ed.]
|
| 260 |
|
|
|a New Delhi :
|b S. Chand,
|c 1966.[reprinted 2007]
|
| 300 |
|
|
|a xvi, 1279 p. :
|b illus., ports ;
|c 22 cm.
|
| 504 |
|
|
|a Includes bibliography: p. [1245]-1250 index.
|
| 541 |
1 |
|
|e 00016281
|
| 650 |
|
0 |
|a Nuclear physics.
|
| 852 |
4 |
|
|a Ayesha Abed Library
|j General Shelf.
|
| 999 |
|
|
|c 1082
|d 1082
|
| 952 |
|
|
|0 0
|1 0
|2 ddc
|4 0
|6 539_700000000000000_RAJ_2007
|7 0
|9 978
|a BRACUL
|b BRACUL
|c GEN
|d 2009-06-24
|g 595.00
|l 1
|o 539.7 RAJ
|p 3010016281
|r 2012-02-14
|s 2012-02-14
|t 1
|w 2009-06-24
|y BK
|
| 952 |
|
|
|0 0
|1 0
|2 ddc
|4 0
|6 539_700000000000000_RAJ_2007
|7 0
|9 7703
|a BRACUL
|b BRACUL
|c GEN
|d 2010-02-02
|l 0
|o 539.7 RAJ
|p 3010016283
|r 2010-02-02
|t 2
|w 2010-02-02
|y BK
|
| 952 |
|
|
|0 0
|1 2
|2 ddc
|4 0
|6 539_700000000000000_RAJ
|7 0
|9 9741
|a BRACUL
|b BRACUL
|c GEN
|d 2010-05-04
|l 1
|m 29
|o 539.7 RAJ
|p 3010016282
|q 2017-08-31
|r 2012-12-10
|s 2012-12-10
|t 3
|w 2010-05-04
|y BK
|